00406nam a2200121Ia 4500082001200000100001700012245011400029260006600143300000900209650001400218650002400232650002800256 aRS.0808 aSaha, Birbal 0aPerception of total quality management in secondary education by school teachers and students / cBirbal Saha aNew Delhi :bIndian Council of Social Science Research,c2017 a126p aEducation aSecondary Education aTotal Quality Mnagement